Modelo integral para el profesional en ingeniería / (Registro nro. 9789)
[ vista simple ]
| 000 -LEADER | |
|---|---|
| Campo de control de longitud fija | 01336nam a22002777a 4500 |
| 003 - IDENTIFICADOR DEL NÚMERO DE CONTROL | |
| Campo de control | PE SENCICO BE |
| 005 - FECHA Y HORA DE LA ÚLTIMA TRANSACCIÓN | |
| Campo de control | 20260227144754.0 |
| 008 - ELEMENTOS DE LONGITUD FIJA - INFORMACIÓN GENERAL | |
| Campo de control de longitud fija | 251218b |||||||| |||| 00| 0 eng d |
| 020 ## - ISBN | |
| ISBN | 958 947 566 3 |
| 040 ## - FUENTE DE CATALOGACIÓN | |
| Origen de catalogación | PE SENCICO BE |
| Agencia que realiza la transcripción | PE SENCICO BE |
| 041 ## - CÓDIGO DE IDIOMA | |
| Idioma del texto | spa |
| 082 ## - NÚMERO DE CLASIFICACIÓN DECIMAL DEWEY | |
| Código de Clasificación Dewey | 620.0092 |
| Notación Interna | S42 |
| 100 1# - ASIENTO PRINCIPAL--NOMBRE PERSONAL | |
| Autor Personal | Serrano Castaño, Carlos Enrique |
| 9 (RLIN) | 156 |
| Término relacionado | autor |
| 245 ## - MENCIÓN DEL TITULO | |
| Título | Modelo integral para el profesional en ingeniería / |
| Mención de responsabilidad | Carlos Enrique Serrano Castaño |
| 250 ## - MENCIÓN DE EDICIÓN | |
| Edición | 1a ed. |
| 260 ## - PUBLICACIÓN, DISTRIBUCIÓN, ETC. (PIE DE IMPRENTA) | |
| Lugar de publicación, distribución, etc. | Cali : |
| Nombre de la Editorial, Distribuidor, etc. | Universidad del Cauca ; |
| Fecha de publicación, distribución, etc. | 2005 |
| 300 ## - DESCRIPCIÓN FÍSICA | |
| Paginación | 147 páginas : |
| Otros detalles físicos | ilustraciones, tablas, diagramas ; |
| Dimensión | 24 cm. x 17 cm. |
| 504 ## - NOTA DE BIBLIOGRAFÍA, ETC. | |
| Bibliografía (rango de páginas) | Bibliografía: p.141-143 |
| 505 0# - NOTA DE CONTENIDO CON FORMATO PREESTABLECIDOE | |
| Contenido o índice | Visión general del modelo -- Modelo para la investigación documental -- Modelo para la investigación científica -- Modelo para la construcción de soluciones -- Modelo para la excelencia personal -- Modelo para el proceso formativo. |
| 520 3# - NOTA DE RESUMEN, ETC. | |
| Resumen, etc. | Evalúa los aspectos esenciales del que hacer del “profesional en Ingeniería”, quien debe ser visto en el contexto de esta obra como “una persona que busca sistémica y sistemáticamente la excelencia en la construcción de soluciones”. |
| 650 10 - ASIENTO SECUNDARIO DE MATERIA - TERMINO TEMÁTICO | |
| Término de tema o elemento de entrada de nombre geográfico | Ingenieros |
| 9 (RLIN) | 384 |
| 650 20 - ASIENTO SECUNDARIO DE MATERIA - TERMINO TEMÁTICO | |
| Término de tema o elemento de entrada de nombre geográfico | Ética profesional |
| 9 (RLIN) | 504 |
| 650 20 - ASIENTO SECUNDARIO DE MATERIA - TERMINO TEMÁTICO | |
| Término de tema o elemento de entrada de nombre geográfico | Valores (Ética) |
| 9 (RLIN) | 505 |
| 910 ## - RESPONSABLE DEL REGISTRO | |
| Coordinador de procesamiento de la información | hfp |
| 942 ## - ELEMENTOS DE KOHA | |
| Fuente de clasificación o esquema de estanterías | Dewey Decimal Classification |
| Tipo de documento | Libros |
| 999 ## - | |
| -- | 9789 |
| -- | 9789 |
| Estado Retiro | Estado Perdido | Sistema de Clasificación o Esquema de Estantería | Estado Dañado | No es para préstamo | Ubicación Permanente | Ubicación Actual | Fecha de adquisición | Total Checkouts | Signatura topográfica completa | Código de Barras | Date last seen | Precio efectivo desde | Tipo de ítem |
|---|---|---|---|---|---|---|---|---|---|---|---|---|---|
| Dewey Decimal Classification | Biblioteca Trujillo | Biblioteca Trujillo | 18/12/2025 | 620.0092/S42 | BibZtruj25122562 | 18/12/2025 | 18/12/2025 | Libros |